000 01058cam a2200205 4500
001 WB3811-19
008 020319n2002 000 0 eng u
035 _a(Sirsi) u117169
245 _aHomelessness Bill becomes law
260 _c2002
490 _aRICS Residential Faculty News
_v18 March 2002, (1)
520 _aThe Homelessness Bill received the Royal Assent on 26 February 2002 to become the Homelessness Act 2002 . The Act reforms existing legislation on homelessness and the allocation of social housing implementing key proposals outlined in the Housing Green Paper "Quality and choice: a decent home for all" Chapter 9 and the Housing Policy Statement 'The way forward for'. Homelessness Act 2002 available at http://www.hmso.gov.uk/acts/acts2002/20020007.htm. http://www.rics.org/ricscms/bin/show?class=News&template=/includes/shownews.html&id=2094
590 _aWB
650 _aHOMELESS
650 _aHOUSING LAW
650 _aSOCIAL HOUSING
650 _aHOMELESSNESS ACT 2002
690 _aAffordable housing
_96215
942 _n0
999 _c69807
_d69807